这座中国城市有没有过城墙?(点击判断) - Statistics

General Stats
  • This quiz has been taken 146 times
  • The average score is 10 of 20
Answer Stats
Hint Answer % Correct
天津
88%
广州
79%
呼和浩特
75%
吉林
68%
新乡
62%
乌鲁木齐
58%
拉萨
57%
厦门
57%
台北
55%
上海
54%
海口
52%
威海
51%
青岛
42%
澳门
42%
呼伦贝尔
41%
哈尔滨
38%
北海
38%
丽江
36%
湛江
28%
承德
25%
No matching quizzes found
Score Distribution
Percent of People with Each Score
Percentile by Number Answered
Your Score History
You have not taken this quiz